000 01530nam a2200385 c 4500
003 BLK
005 20240604005349.0
008 180412b bul|||||r ||||||| ||bul||
010 _aKNG00006933000
020 _a954-439-327-7
_bиздат.: Слово
040 _aBLK
041 _aBUL
_cBUL
080 _aБългарска литература
_b821.163.2
_x-32
_z821.163.2-32
080 _aБългарска литература
_b821.163.2
_x.09(07)
_z821.163.2.09(07)
100 _aЕлин Пелин
_qСтоянов, Димитър Иванов
_9363511
700 1 _aЯнев, Симеон
_eпредг. и състав.
_gСимеонов, Симеон Янакиев
_9363599
139 _aЕлин Пелин
_bЕ 53
245 1 0 _aРазкази
_cЕлин Пелин; предг. и състав. Симеон Янев.
245 1 0 _aГераците
_b
_c
257 _aBGR
260 В. Търново
_bСлово
_c1995
300 _a380 с.
_c20 см
380 _aX
490 1 _aКласиците в училище
500 _aСъдържа и Съвременни оценки ; Критически анализи ; Литературни разработки.
650 4 _aБългарска литература - учебни помагала
_9242720
653 _aразкази
653 _aповести
852 _aЦб 182180
856 4 _qpdf
_u
856 4 _qpdf
_u
942 _cKNG
_n0
944 _aCR
_c15.01.2003
_k
_lCRON CRON
944 _aED
_c09.06.2009
_k
999 _c5731
_d5731